Curso de auditoria governamental : (Record no. 892)

MARC details
000 -LÍDER
Campo Fixo de Controle 00934nam a2200277 a 4500
001 - NÚMERO DE CONTROLE
Campo de Controle 892
003 - IDENTIFICAÇÃO DO NÚMERO DE CONTROLE
Campo de Controle BR-CuiBMT
005 - DATA E HORA DA ÚLTIMA ATUALIZAÇÃO
Campo de Controle 20231122200316.0
008 - DADOS FIXOS
Dados Fixos 230816s2012 spba 000 0 por d
020 ## - INTERNATIONAL STANDARD BOOK NUMBER
Nº do ISBN 9788522468102
040 ## - AGÊNCIA CATALOGADORA
Código da Agência Catalogadora BR-CuiBMT
Agência que transcreveu o registro BR-CuiBMT
080 ## - Nº DA CLASSIFICAÇÃO DECIMAL UNIVERSAL
Nº Class. CDU 657.63
Nº edição CDU 2007
090 ## - NÚMERO DE CHAMADA
Nº classificação 657.63
Cutter S586c
Ano/Edição 2. ed.
100 1# - ENTRADA PRINCIPAL -- AUTOR PESSOAL
Nome pessoal Silva, Moacir Marques da
245 10 - TÍTULO PRINCIPAL
Título principal Curso de auditoria governamental :
Subtítulo de acordo com as normas internacionais de auditoria pública aprovadas pela INTOSAI /
Indicação de responsabilidade Moacir Marques da Silva.
250 ## - EDIÇÃO
Edição 2. ed.
260 ## - PUBLICAÇÃO, DISTRIBUIÇÃO, ETC.
Local de publicação São Paulo :
Editora Atlas,
Data 2012.
300 ## - DESCRIÇÃO FÍSICA
N. páginas ou volumes xvi, 180 p. :
Ilustrações il. ;
Dimensões 24 cm
504 ## - NOTA DE BIBLIOGRAFIA, ETC.
Nota de bibliografia Inclui bibliografia.
650 ## - ASSUNTO TÓPICO
Cabeçalho tópico ou nome geográfico Auditoria governamental
Subdivisão geral Consultoria
Subdivisão geográfica Brasil
650 ## - ASSUNTO TÓPICO
Cabeçalho tópico ou nome geográfico Administração pública
Subdivisão geral Auditoria
650 ## - ASSUNTO TÓPICO
Cabeçalho tópico ou nome geográfico Auditoria
Subdivisão geral Planejamento
Subdivisão geográfica Brasil
650 ## - ASSUNTO TÓPICO
Cabeçalho tópico ou nome geográfico Auditoria interna
Subdivisão geral Controle
650 ## - ASSUNTO TÓPICO
Cabeçalho tópico ou nome geográfico Auditoria externa
Subdivisão geral Controle
942 ## - ELEMENTOS DE ENTRADA ADICIONAIS (KOHA)
Fonte de classificação ou esquema de arquivamento Classificação Decimal Universal
Tipo de item do Koha Livros
Holdings
Estado: removido Estado: perdido Fonte de classificação ou esquema de arquivamento Estado: danificado Indisponível para empréstimo Localização permanente Localização atual Data de aquisição Total Checkouts Número de Chamada completo Código de barras Date last seen Número do exemplar Preço efetivo a partir de Tipo de item (Koha)
    Classificação Decimal Universal     Biblioteca da Escola Superior de Contas do TCE/MT Biblioteca da Escola Superior de Contas do TCE/MT 02/04/2013   657.63 S586c 2. ed. BIBTCEMT23110877 22/11/2023 Ex. 1 22/11/2023 Livros
    Classificação Decimal Universal     Biblioteca da Escola Superior de Contas do TCE/MT Biblioteca da Escola Superior de Contas do TCE/MT 02/04/2013   657.63 S586c 2. ed. BIBTCEMT23110878 22/11/2023 Ex. 2 22/11/2023 Livros

Powered by Koha